Science Quiz

Random Science Quiz

Liver and Related Structures Quiz Stats

 Plays Quiz not verified by Sporcle

Also try: Element per Length
Challenge
Share
Tweet
Score 0/17 Timer 10:00
0 Plays Today
Hint Answer % Correct
1Right lobe
98.2%
2Left lobe
98.2%
6Gallbladder
94.7%
5Inferior vena cava
86%
4Quadrate lobe
82.5%
7Common bile duct
82.5%
3Caudate lobe
80.7%
8Proper hepatic artery
78.9%
12Falciform ligament
75.4%
Hint Answer % Correct
9Portal vein
71.9%
10Portal triad
71.9%
11Hepatic veins
57.9%
13Left triangular ligament
50.9%
14Coronary ligament
45.6%
15Right triangular ligament
45.6%
16Teres ligament
22.8%
17Fissure for teres ligament
10.5%

You're not logged in!

Compare scores with friends on all Sporcle quizzes.
OR
Log In

You Might Also Like...

Show Comments

Extras

Created Jul 16, 2017ReportNominate
Tags:liver, related, structure

Top Quizzes Today


Score Distribution

Your Account Isn't Verified!

In order to create a playlist on Sporcle, you need to verify the email address you used during registration. Go to your Sporcle Settings to finish the process.

Report this User

Report this user for behavior that violates our Community Guidelines.

Details: